000 00423nam a2200157Ia 4500
008 230711s9999||||xx |||||||||||||| ||und||
041 _aENG
082 _a624
_bBU-I
100 _aBureau of Indian Standard
245 0 _aSI : 325 1978
_bSpecification for three phase induction motors
250 _a1st
260 _c1978
_aNew Delhi
_bBureau of Indian Standard
300 _a38
650 _aCivil Engineering
942 _cBK
999 _c8175
_d8175